000 00558nam a2200181 i 4500
001 52300
003 ES-MaACL
005 20250620063016.0
007 t|
008 030827s1973 sp ||||1| spa d
100 1 _aChávarri, Raúl,
_d1929-1984
_9161889
245 1 0 _aMaestros de la pintura vasca /
_ctexto de Raúl Chávarri.
260 _aMadrid :
_bIbérico Europea de Ediciones,
_c[1973]
300 _a56 p. :
_bil. ;
_c31 cm.
650 4 _aPintura-
_zPaís Vasco.
_9163326
852 _aES-MaACL
_jC-50754
_bR.85293
999 _c52300
_d52300